Palmer's index to the Times newspaper.

Bibliographic Details
Uniform Title:Palmer's index to the Times newspaper.
Other Authors: Palmer, Samuel (Compiler)
Format: Journal
Language:English
Published: Vaduz : Kraus Reprint, 1965-1966.
Subjects:

MARC

Tag First Indicator Second Indicator Subfields
LEADER 00000cas a2200000 a 4500
001 in00000069922
005 20151008055919.0
008 890309d17901941lh qr p ri 0 a0eng d
035 |a (OCoLC)ocm19337800 
037 |b Kraus Reprint & Periodicals, Rte. 100, Millwood, NY 10546 
040 |a CUI  |c CUI  |d TXA  |d UtOrBLW 
049 |a TXAM 
090 |a AI21  |b .T45 
130 0 |a Palmer's index to the Times newspaper.  |s Reprint.  |f 1965. 
245 1 0 |a Palmer's index to the Times newspaper. 
246 1 0 |a Index to the Times newspaper 
264 1 |a Vaduz :  |b Kraus Reprint,  |c 1965-1966. 
300 |a 100 volumes ;  |c 23 cm. 
310 |a Quarterly 
336 |a text  |b txt  |2 rdacontent 
337 |a unmediated  |b n  |2 rdamedia 
338 |a volume  |b nc  |2 rdacarrier 
362 0 |a Oct. 1 to Dec. 31, 1790-Apr. 1 to June 30, 1941. 
500 |a "Containing index to everything in the various numbers issued during the months". 
515 |a The indexes for preceding vols. have been issued in the reverse order, from 2 to 11 a year, beginning with the one covering July 1867, published in 1875. 
580 |a Reprint. Originally published quarterly : London : S. Palmer [etc.], 1868-1943. 
630 0 0 |a Times (London, England)  |v Indexes. 
650 0 |a Newspapers  |v Indexes  |v Periodicals. 
700 1 |a Palmer, Samuel,  |e compiler. 
730 0 |a Times (London, England) 
775 1 |t Palmer's index to the Times newspaper  |e eng  |f enk  |w (DLC) sn87029440  |w (OCoLC)1767514 
787 1 |t Times (London, England : 1788)  |x 0140-0460  |w (DLC) sn85054080  |w (OCoLC)6967919 
994 |a E0  |b TXA 
948 |a cataloged  |b h  |c 2000/6/2  |d c  |e coplinger  |f 10:10:24 am 
999 |a MARS 
999 f f |s dd65b72c-9efd-3a13-96bf-975a68471aa8  |i abbfcffd-9f56-30ff-abea-8cf3c2c908d7  |t 0 
952 f f |p 4_hour  |a Texas A&M University  |b College Station  |c Sterling C. Evans Library  |d Evans: Microforms Reference (3rd floor)  |t 0  |e AI21 .T45  |h Library of Congress classification  |i unmediated -- volume  |l 1906  |m A14826279048 
952 f f |p 4_hour  |a Texas A&M University  |b College Station  |c Sterling C. Evans Library  |d Evans: Microforms Reference (3rd floor)  |t 0  |e AI21 .T45  |h Library of Congress classification  |i unmediated -- volume  |l 1816/1820  |m A14826278864 
952 f f |p 4_hour  |a Texas A&M University  |b College Station  |c Sterling C. Evans Library  |d Evans: Microforms Reference (3rd floor)  |t 0  |e AI21 .T45  |h Library of Congress classification  |i unmediated -- volume  |l 1913  |m A14826279917 
952 f f |p 4_hour  |a Texas A&M University  |b College Station  |c Sterling C. Evans Library  |d Evans: Microforms Reference (3rd floor)  |t 0  |e AI21 .T45  |h Library of Congress classification  |i unmediated -- volume  |l 1811/1815  |m A14826278822 
952 f f |p 4_hour  |a Texas A&M University  |b College Station  |c Sterling C. Evans Library  |d Evans: Microforms Reference (3rd floor)  |t 0  |e AI21 .T45  |h Library of Congress classification  |i unmediated -- volume  |l 1929  |m A14826279462 
952 f f |p 4_hour  |a Texas A&M University  |b College Station  |c Sterling C. Evans Library  |d Evans: Microforms Reference (3rd floor)  |t 0  |e AI21 .T45  |h Library of Congress classification  |i unmediated -- volume  |l 1875  |m A14826278872 
952 f f |p 4_hour  |a Texas A&M University  |b College Station  |c Sterling C. Evans Library  |d Evans: Microforms Reference (3rd floor)  |t 0  |e AI21 .T45  |h Library of Congress classification  |i unmediated -- volume  |l 1841/1842  |m A14826279022 
952 f f |p 4_hour  |a Texas A&M University  |b College Station  |c Sterling C. Evans Library  |d Evans: Microforms Reference (3rd floor)  |t 0  |e AI21 .T45  |h Library of Congress classification  |i unmediated -- volume  |l 1847/1848  |m A14826279103 
952 f f |p 4_hour  |a Texas A&M University  |b College Station  |c Sterling C. Evans Library  |d Evans: Microforms Reference (3rd floor)  |t 0  |e AI21 .T45  |h Library of Congress classification  |i unmediated -- volume  |l 1908  |m A14826279129 
952 f f |p 4_hour  |a Texas A&M University  |b College Station  |c Sterling C. Evans Library  |d Evans: Microforms Reference (3rd floor)  |t 0  |e AI21 .T45  |h Library of Congress classification  |i unmediated -- volume  |l 1862  |m A14826278351 
952 f f |p 4_hour  |a Texas A&M University  |b College Station  |c Sterling C. Evans Library  |d Evans: Microforms Reference (3rd floor)  |t 0  |e AI21 .T45  |h Library of Congress classification  |i unmediated -- volume  |l 1936  |m A14826279747 
952 f f |p 4_hour  |a Texas A&M University  |b College Station  |c Sterling C. Evans Library  |d Evans: Microforms Reference (3rd floor)  |t 0  |e AI21 .T45  |h Library of Congress classification  |i unmediated -- volume  |l 1851/1852  |m A14826278115 
952 f f |p 4_hour  |a Texas A&M University  |b College Station  |c Sterling C. Evans Library  |d Evans: Microforms Reference (3rd floor)  |t 0  |e AI21 .T45  |h Library of Congress classification  |i unmediated -- volume  |l 1905  |m A14826279006 
952 f f |p 4_hour  |a Texas A&M University  |b College Station  |c Sterling C. Evans Library  |d Evans: Microforms Reference (3rd floor)  |t 0  |e AI21 .T45  |h Library of Congress classification  |i unmediated -- volume  |l 1881  |m A14826279111 
952 f f |p 4_hour  |a Texas A&M University  |b College Station  |c Sterling C. Evans Library  |d Evans: Microforms Reference (3rd floor)  |t 0  |e AI21 .T45  |h Library of Congress classification  |i unmediated -- volume  |l 1845/1846  |m A14826278660 
952 f f |p 4_hour  |a Texas A&M University  |b College Station  |c Sterling C. Evans Library  |d Evans: Microforms Reference (3rd floor)  |t 0  |e AI21 .T45  |h Library of Congress classification  |i unmediated -- volume  |l 1826/1830  |m A14826278945 
952 f f |p 4_hour  |a Texas A&M University  |b College Station  |c Sterling C. Evans Library  |d Evans: Microforms Reference (3rd floor)  |t 0  |e AI21 .T45  |h Library of Congress classification  |i unmediated -- volume  |l 1806/1810  |m A14826278783 
952 f f |p 4_hour  |a Texas A&M University  |b College Station  |c Sterling C. Evans Library  |d Evans: Microforms Reference (3rd floor)  |t 0  |e AI21 .T45  |h Library of Congress classification  |i unmediated -- volume  |l 1907  |m A14826279080 
952 f f |p 4_hour  |a Texas A&M University  |b College Station  |c Sterling C. Evans Library  |d Evans: Microforms Reference (3rd floor)  |t 0  |e AI21 .T45  |h Library of Congress classification  |i unmediated -- volume  |l 1877  |m A14826278953 
952 f f |p 4_hour  |a Texas A&M University  |b College Station  |c Sterling C. Evans Library  |d Evans: Microforms Reference (3rd floor)  |t 0  |e AI21 .T45  |h Library of Congress classification  |i unmediated -- volume  |l 1896  |m A14826278644 
952 f f |p 4_hour  |a Texas A&M University  |b College Station  |c Sterling C. Evans Library  |d Evans: Microforms Reference (3rd floor)  |t 0  |e AI21 .T45  |h Library of Congress classification  |i unmediated -- volume  |l 1884  |m A14826278165 
952 f f |p 4_hour  |a Texas A&M University  |b College Station  |c Sterling C. Evans Library  |d Evans: Microforms Reference (3rd floor)  |t 0  |e AI21 .T45  |h Library of Congress classification  |i unmediated -- volume  |l 1801/1805  |m A14826278741 
952 f f |p 4_hour  |a Texas A&M University  |b College Station  |c Sterling C. Evans Library  |d Evans: Microforms Reference (3rd floor)  |t 0  |e AI21 .T45  |h Library of Congress classification  |i unmediated -- volume  |l 1888  |m A14826278327 
952 f f |p 4_hour  |a Texas A&M University  |b College Station  |c Sterling C. Evans Library  |d Evans: Microforms Reference (3rd floor)  |t 0  |e AI21 .T45  |h Library of Congress classification  |i unmediated -- volume  |l 1935  |m A14826279705 
952 f f |p 4_hour  |a Texas A&M University  |b College Station  |c Sterling C. Evans Library  |d Evans: Microforms Reference (3rd floor)  |t 0  |e AI21 .T45  |h Library of Congress classification  |i unmediated -- volume  |l 1869  |m A14826278636 
952 f f |p 4_hour  |a Texas A&M University  |b College Station  |c Sterling C. Evans Library  |d Evans: Microforms Reference (3rd floor)  |t 0  |e AI21 .T45  |h Library of Congress classification  |i unmediated -- volume  |l 1933  |m A14826279624 
952 f f |p 4_hour  |a Texas A&M University  |b College Station  |c Sterling C. Evans Library  |d Evans: Microforms Reference (3rd floor)  |t 0  |e AI21 .T45  |h Library of Congress classification  |i unmediated -- volume  |l 1849/1950  |m A14826279145 
952 f f |p 4_hour  |a Texas A&M University  |b College Station  |c Sterling C. Evans Library  |d Evans: Microforms Reference (3rd floor)  |t 0  |e AI21 .T45  |h Library of Congress classification  |i unmediated -- volume  |l 1915  |m A14826279991 
952 f f |p 4_hour  |a Texas A&M University  |b College Station  |c Sterling C. Evans Library  |d Evans: Microforms Reference (3rd floor)  |t 0  |e AI21 .T45  |h Library of Congress classification  |i unmediated -- volume  |l 1857/1858  |m A14826278238 
952 f f |p 4_hour  |a Texas A&M University  |b College Station  |c Sterling C. Evans Library  |d Evans: Microforms Reference (3rd floor)  |t 0  |e AI21 .T45  |h Library of Congress classification  |i unmediated -- volume  |l 1923  |m A14826279226 
952 f f |p 4_hour  |a Texas A&M University  |b College Station  |c Sterling C. Evans Library  |d Evans: Microforms Reference (3rd floor)  |t 0  |e AI21 .T45  |h Library of Congress classification  |i unmediated -- volume  |l 1920  |m A14826280196 
952 f f |p 4_hour  |a Texas A&M University  |b College Station  |c Sterling C. Evans Library  |d Evans: Microforms Reference (3rd floor)  |t 0  |e AI21 .T45  |h Library of Congress classification  |i unmediated -- volume  |l 1790/1795  |m A14826278628 
952 f f |p 4_hour  |a Texas A&M University  |b College Station  |c Sterling C. Evans Library  |d Evans: Microforms Reference (3rd floor)  |t 0  |e AI21 .T45  |h Library of Congress classification  |i unmediated -- volume  |l 1865  |m A14826278474 
952 f f |p 4_hour  |a Texas A&M University  |b College Station  |c Sterling C. Evans Library  |d Evans: Microforms Reference (3rd floor)  |t 0  |e AI21 .T45  |h Library of Congress classification  |i unmediated -- volume  |l 1904  |m A14826278961 
952 f f |p 4_hour  |a Texas A&M University  |b College Station  |c Sterling C. Evans Library  |d Evans: Microforms Reference (3rd floor)  |t 0  |e AI21 .T45  |h Library of Congress classification  |i unmediated -- volume  |l 1892  |m A14826278482 
952 f f |p 4_hour  |a Texas A&M University  |b College Station  |c Sterling C. Evans Library  |d Evans: Microforms Reference (3rd floor)  |t 0  |e AI21 .T45  |h Library of Congress classification  |i unmediated -- volume  |l 1855/1856  |m A14826278199 
952 f f |p 4_hour  |a Texas A&M University  |b College Station  |c Sterling C. Evans Library  |d Evans: Microforms Reference (3rd floor)  |t 0  |e AI21 .T45  |h Library of Congress classification  |i unmediated -- volume  |l 1872  |m A14826278759 
952 f f |p 4_hour  |a Texas A&M University  |b College Station  |c Sterling C. Evans Library  |d Evans: Microforms Reference (3rd floor)  |t 0  |e AI21 .T45  |h Library of Congress classification  |i unmediated -- volume  |l 1921  |m A14826280235 
952 f f |p 4_hour  |a Texas A&M University  |b College Station  |c Sterling C. Evans Library  |d Evans: Microforms Reference (3rd floor)  |t 0  |e AI21 .T45  |h Library of Congress classification  |i unmediated -- volume  |l 1927  |m A14826279381 
952 f f |p 4_hour  |a Texas A&M University  |b College Station  |c Sterling C. Evans Library  |d Evans: Microforms Reference (3rd floor)  |t 0  |e AI21 .T45  |h Library of Congress classification  |i unmediated -- volume  |l 1866  |m A14826278513 
952 f f |p 4_hour  |a Texas A&M University  |b College Station  |c Sterling C. Evans Library  |d Evans: Microforms Reference (3rd floor)  |t 0  |e AI21 .T45  |h Library of Congress classification  |i unmediated -- volume  |l 1863  |m A14826278393 
952 f f |p 4_hour  |a Texas A&M University  |b College Station  |c Sterling C. Evans Library  |d Evans: Microforms Reference (3rd floor)  |t 0  |e AI21 .T45  |h Library of Congress classification  |i unmediated -- volume  |l 1890  |m A14826278408 
952 f f |p 4_hour  |a Texas A&M University  |b College Station  |c Sterling C. Evans Library  |d Evans: Microforms Reference (3rd floor)  |t 0  |e AI21 .T45  |h Library of Congress classification  |i unmediated -- volume  |l 1891  |m A14826278440 
952 f f |p 4_hour  |a Texas A&M University  |b College Station  |c Sterling C. Evans Library  |d Evans: Microforms Reference (3rd floor)  |t 0  |e AI21 .T45  |h Library of Congress classification  |i unmediated -- volume  |l 1912  |m A14826279878 
952 f f |p 4_hour  |a Texas A&M University  |b College Station  |c Sterling C. Evans Library  |d Evans: Microforms Reference (3rd floor)  |t 0  |e AI21 .T45  |h Library of Congress classification  |i unmediated -- volume  |l 1903  |m A14826278929 
952 f f |p 4_hour  |a Texas A&M University  |b College Station  |c Sterling C. Evans Library  |d Evans: Microforms Reference (3rd floor)  |t 0  |e AI21 .T45  |h Library of Congress classification  |i unmediated -- volume  |l 1897  |m A14826278686 
952 f f |p 4_hour  |a Texas A&M University  |b College Station  |c Sterling C. Evans Library  |d Evans: Microforms Reference (3rd floor)  |t 0  |e AI21 .T45  |h Library of Congress classification  |i unmediated -- volume  |l 1790/1795  |m A14826278466 
952 f f |p 4_hour  |a Texas A&M University  |b College Station  |c Sterling C. Evans Library  |d Evans: Microforms Reference (3rd floor)  |t 0  |e AI21 .T45  |h Library of Congress classification  |i unmediated -- volume  |l 1934  |m A14826279666 
952 f f |p 4_hour  |a Texas A&M University  |b College Station  |c Sterling C. Evans Library  |d Evans: Microforms Reference (3rd floor)  |t 0  |e AI21 .T45  |h Library of Congress classification  |i unmediated -- volume  |l 1836/1840  |m A14826278987 
952 f f |p 4_hour  |a Texas A&M University  |b College Station  |c Sterling C. Evans Library  |d Evans: Microforms Reference (3rd floor)  |t 0  |e AI21 .T45  |h Library of Congress classification  |i unmediated -- volume  |l 1859/1860  |m A14826278270 
952 f f |p 4_hour  |a Texas A&M University  |b College Station  |c Sterling C. Evans Library  |d Evans: Microforms Reference (3rd floor)  |t 0  |e AI21 .T45  |h Library of Congress classification  |i unmediated -- volume  |l 1883  |m A14826278123 
952 f f |p 4_hour  |a Texas A&M University  |b College Station  |c Sterling C. Evans Library  |d Evans: Microforms Reference (3rd floor)  |t 0  |e AI21 .T45  |h Library of Congress classification  |i unmediated -- volume  |l 1909  |m A14826279161 
952 f f |p 4_hour  |a Texas A&M University  |b College Station  |c Sterling C. Evans Library  |d Evans: Microforms Reference (3rd floor)  |t 0  |e AI21 .T45  |h Library of Congress classification  |i unmediated -- volume  |l 1796/1800  |m A14826278709 
952 f f |p 4_hour  |a Texas A&M University  |b College Station  |c Sterling C. Evans Library  |d Evans: Microforms Reference (3rd floor)  |t 0  |e AI21 .T45  |h Library of Congress classification  |i unmediated -- volume  |l 1930  |m A14826279501 
952 f f |p 4_hour  |a Texas A&M University  |b College Station  |c Sterling C. Evans Library  |d Evans: Microforms Reference (3rd floor)  |t 0  |e AI21 .T45  |h Library of Congress classification  |i unmediated -- volume  |l 1932  |m A14826279585 
952 f f |p 4_hour  |a Texas A&M University  |b College Station  |c Sterling C. Evans Library  |d Evans: Microforms Reference (3rd floor)  |t 0  |e AI21 .T45  |h Library of Congress classification  |i unmediated -- volume  |l 1843/1844  |m A14826279064 
952 f f |p 4_hour  |a Texas A&M University  |b College Station  |c Sterling C. Evans Library  |d Evans: Microforms Reference (3rd floor)  |t 0  |e AI21 .T45  |h Library of Congress classification  |i unmediated -- volume  |l 1868  |m A14826278597 
952 f f |p 4_hour  |a Texas A&M University  |b College Station  |c Sterling C. Evans Library  |d Evans: Microforms Reference (3rd floor)  |t 0  |e AI21 .T45  |h Library of Congress classification  |i unmediated -- volume  |l 1853/1854  |m A14826278157 
952 f f |p 4_hour  |a Texas A&M University  |b College Station  |c Sterling C. Evans Library  |d Evans: Microforms Reference (3rd floor)  |t 0  |e AI21 .T45  |h Library of Congress classification  |i unmediated -- volume  |l 1910  |m A14826279797 
952 f f |p 4_hour  |a Texas A&M University  |b College Station  |c Sterling C. Evans Library  |d Evans: Microforms Reference (3rd floor)  |t 0  |e AI21 .T45  |h Library of Congress classification  |i unmediated -- volume  |l 1889  |m A14826278369 
952 f f |p 4_hour  |a Texas A&M University  |b College Station  |c Sterling C. Evans Library  |d Evans: Microforms Reference (3rd floor)  |t 0  |e AI21 .T45  |h Library of Congress classification  |i unmediated -- volume  |l 1918  |m A14826280112 
952 f f |p 4_hour  |a Texas A&M University  |b College Station  |c Sterling C. Evans Library  |d Evans: Microforms Reference (3rd floor)  |t 0  |e AI21 .T45  |h Library of Congress classification  |i unmediated -- volume  |l 1899  |m A14826278767 
952 f f |p 4_hour  |a Texas A&M University  |b College Station  |c Sterling C. Evans Library  |d Evans: Microforms Reference (3rd floor)  |t 0  |e AI21 .T45  |h Library of Congress classification  |i unmediated -- volume  |l 1924  |m A14826279268 
952 f f |p 4_hour  |a Texas A&M University  |b College Station  |c Sterling C. Evans Library  |d Evans: Microforms Reference (3rd floor)  |t 0  |e AI21 .T45  |h Library of Congress classification  |i unmediated -- volume  |l 1861  |m A14826278319 
952 f f |p 4_hour  |a Texas A&M University  |b College Station  |c Sterling C. Evans Library  |d Evans: Microforms Reference (3rd floor)  |t 0  |e AI21 .T45  |h Library of Congress classification  |i unmediated -- volume  |l 1894  |m A14826278563 
952 f f |p 4_hour  |a Texas A&M University  |b College Station  |c Sterling C. Evans Library  |d Evans: Microforms Reference (3rd floor)  |t 0  |e AI21 .T45  |h Library of Congress classification  |i unmediated -- volume  |l 1876  |m A14826278911 
952 f f |p 4_hour  |a Texas A&M University  |b College Station  |c Sterling C. Evans Library  |d Evans: Microforms Reference (3rd floor)  |t 0  |e AI21 .T45  |h Library of Congress classification  |i unmediated -- volume  |l 1874  |m A14826278830 
952 f f |p 4_hour  |a Texas A&M University  |b College Station  |c Sterling C. Evans Library  |d Evans: Microforms Reference (3rd floor)  |t 0  |e AI21 .T45  |h Library of Congress classification  |i unmediated -- volume  |l 1931  |m A14826279543 
952 f f |p 4_hour  |a Texas A&M University  |b College Station  |c Sterling C. Evans Library  |d Evans: Microforms Reference (3rd floor)  |t 0  |e AI21 .T45  |h Library of Congress classification  |i unmediated -- volume  |l 1821/1825  |m A14826278903 
952 f f |p 4_hour  |a Texas A&M University  |b College Station  |c Sterling C. Evans Library  |d Evans: Microforms Reference (3rd floor)  |t 0  |e AI21 .T45  |h Library of Congress classification  |i unmediated -- volume  |l 1873  |m A14826278791 
952 f f |p 4_hour  |a Texas A&M University  |b College Station  |c Sterling C. Evans Library  |d Evans: Microforms Reference (3rd floor)  |t 0  |e AI21 .T45  |h Library of Congress classification  |i unmediated -- volume  |l 1893  |m A14826278521 
952 f f |p 4_hour  |a Texas A&M University  |b College Station  |c Sterling C. Evans Library  |d Evans: Microforms Reference (3rd floor)  |t 0  |e AI21 .T45  |h Library of Congress classification  |i unmediated -- volume  |l 1864  |m A14826278432 
952 f f |p 4_hour  |a Texas A&M University  |b College Station  |c Sterling C. Evans Library  |d Evans: Microforms Reference (3rd floor)  |t 0  |e AI21 .T45  |h Library of Congress classification  |i unmediated -- volume  |l 1916  |m A14826280031 
952 f f |p 4_hour  |a Texas A&M University  |b College Station  |c Sterling C. Evans Library  |d Evans: Microforms Reference (3rd floor)  |t 0  |e AI21 .T45  |h Library of Congress classification  |i unmediated -- volume  |l 1898  |m A14826278725 
952 f f |p 4_hour  |a Texas A&M University  |b College Station  |c Sterling C. Evans Library  |d Evans: Microforms Reference (3rd floor)  |t 0  |e AI21 .T45  |h Library of Congress classification  |i unmediated -- volume  |l 1885  |m A14826278204 
952 f f |p 4_hour  |a Texas A&M University  |b College Station  |c Sterling C. Evans Library  |d Evans: Microforms Reference (3rd floor)  |t 0  |e AI21 .T45  |h Library of Congress classification  |i unmediated -- volume  |l 1917  |m A14826280073 
952 f f |p 4_hour  |a Texas A&M University  |b College Station  |c Sterling C. Evans Library  |d Evans: Microforms Reference (3rd floor)  |t 0  |e AI21 .T45  |h Library of Congress classification  |i unmediated -- volume  |l 1878  |m A14826278995 
952 f f |p 4_hour  |a Texas A&M University  |b College Station  |c Sterling C. Evans Library  |d Evans: Microforms Reference (3rd floor)  |t 0  |e AI21 .T45  |h Library of Congress classification  |i unmediated -- volume  |l 1871  |m A14826278717 
952 f f |p 4_hour  |a Texas A&M University  |b College Station  |c Sterling C. Evans Library  |d Evans: Microforms Reference (3rd floor)  |t 0  |e AI21 .T45  |h Library of Congress classification  |i unmediated -- volume  |l 1919  |m A14826280154 
952 f f |p 4_hour  |a Texas A&M University  |b College Station  |c Sterling C. Evans Library  |d Evans: Microforms Reference (3rd floor)  |t 0  |e AI21 .T45  |h Library of Congress classification  |i unmediated -- volume  |l 1901  |m A14826278848 
952 f f |p 4_hour  |a Texas A&M University  |b College Station  |c Sterling C. Evans Library  |d Evans: Microforms Reference (3rd floor)  |t 0  |e AI21 .T45  |h Library of Congress classification  |i unmediated -- volume  |l 1902  |m A14826278880 
952 f f |p 4_hour  |a Texas A&M University  |b College Station  |c Sterling C. Evans Library  |d Evans: Microforms Reference (3rd floor)  |t 0  |e AI21 .T45  |h Library of Congress classification  |i unmediated -- volume  |l 1937  |m A14826279789 
952 f f |p 4_hour  |a Texas A&M University  |b College Station  |c Sterling C. Evans Library  |d Evans: Microforms Reference (3rd floor)  |t 0  |e AI21 .T45  |h Library of Congress classification  |i unmediated -- volume  |l 1900  |m A14826278806 
952 f f |p 4_hour  |a Texas A&M University  |b College Station  |c Sterling C. Evans Library  |d Evans: Microforms Reference (3rd floor)  |t 0  |e AI21 .T45  |h Library of Congress classification  |i unmediated -- volume  |l 1911  |m A14826279836 
952 f f |p 4_hour  |a Texas A&M University  |b College Station  |c Sterling C. Evans Library  |d Evans: Microforms Reference (3rd floor)  |t 0  |e AI21 .T45  |h Library of Congress classification  |i unmediated -- volume  |l 1940/1941  |m A14826279909 
952 f f |p 4_hour  |a Texas A&M University  |b College Station  |c Sterling C. Evans Library  |d Evans: Microforms Reference (3rd floor)  |t 0  |e AI21 .T45  |h Library of Congress classification  |i unmediated -- volume  |l 1870  |m A14826278678 
952 f f |p 4_hour  |a Texas A&M University  |b College Station  |c Sterling C. Evans Library  |d Evans: Microforms Reference (3rd floor)  |t 0  |e AI21 .T45  |h Library of Congress classification  |i unmediated -- volume  |l 1938  |m A14826279828 
952 f f |p 4_hour  |a Texas A&M University  |b College Station  |c Sterling C. Evans Library  |d Evans: Microforms Reference (3rd floor)  |t 0  |e AI21 .T45  |h Library of Congress classification  |i unmediated -- volume  |l 1867  |m A14826278555 
952 f f |p 4_hour  |a Texas A&M University  |b College Station  |c Sterling C. Evans Library  |d Evans: Microforms Reference (3rd floor)  |t 0  |e AI21 .T45  |h Library of Congress classification  |i unmediated -- volume  |l 1939  |m A14826279860 
952 f f |p 4_hour  |a Texas A&M University  |b College Station  |c Sterling C. Evans Library  |d Evans: Microforms Reference (3rd floor)  |t 0  |e AI21 .T45  |h Library of Congress classification  |i unmediated -- volume  |l 1926  |m A14826279349 
952 f f |p 4_hour  |a Texas A&M University  |b College Station  |c Sterling C. Evans Library  |d Evans: Microforms Reference (3rd floor)  |t 0  |e AI21 .T45  |h Library of Congress classification  |i unmediated -- volume  |l 1882  |m A14826279153 
952 f f |p 4_hour  |a Texas A&M University  |b College Station  |c Sterling C. Evans Library  |d Evans: Microforms Reference (3rd floor)  |t 0  |e AI21 .T45  |h Library of Congress classification  |i unmediated -- volume  |l 1928  |m A14826279420 
952 f f |p 4_hour  |a Texas A&M University  |b College Station  |c Sterling C. Evans Library  |d Evans: Microforms Reference (3rd floor)  |t 0  |e AI21 .T45  |h Library of Congress classification  |i unmediated -- volume  |l 1925  |m A14826279307 
952 f f |p 4_hour  |a Texas A&M University  |b College Station  |c Sterling C. Evans Library  |d Evans: Microforms Reference (3rd floor)  |t 0  |e AI21 .T45  |h Library of Congress classification  |i unmediated -- volume  |l 1895  |m A14826278602 
952 f f |p 4_hour  |a Texas A&M University  |b College Station  |c Sterling C. Evans Library  |d Evans: Microforms Reference (3rd floor)  |t 0  |e AI21 .T45  |h Library of Congress classification  |i unmediated -- volume  |l 1831/1835  |m A14826278589 
952 f f |p 4_hour  |a Texas A&M University  |b College Station  |c Sterling C. Evans Library  |d Evans: Microforms Reference (3rd floor)  |t 0  |e AI21 .T45  |h Library of Congress classification  |i unmediated -- volume  |l 1886  |m A14826278246 
952 f f |p 4_hour  |a Texas A&M University  |b College Station  |c Sterling C. Evans Library  |d Evans: Microforms Reference (3rd floor)  |t 0  |e AI21 .T45  |h Library of Congress classification  |i unmediated -- volume  |l 1880  |m A14826279072 
952 f f |p 4_hour  |a Texas A&M University  |b College Station  |c Sterling C. Evans Library  |d Evans: Microforms Reference (3rd floor)  |t 0  |e AI21 .T45  |h Library of Congress classification  |i unmediated -- volume  |l 1922  |m A14826279187 
952 f f |p 4_hour  |a Texas A&M University  |b College Station  |c Sterling C. Evans Library  |d Evans: Microforms Reference (3rd floor)  |t 0  |e AI21 .T45  |h Library of Congress classification  |i unmediated -- volume  |l 1879  |m A14826279030 
952 f f |p 4_hour  |a Texas A&M University  |b College Station  |c Sterling C. Evans Library  |d Evans: Microforms Reference (3rd floor)  |t 0  |e AI21 .T45  |h Library of Congress classification  |i unmediated -- volume  |l 1914  |m A14826279959 
952 f f |p 4_hour  |a Texas A&M University  |b College Station  |c Sterling C. Evans Library  |d Evans: Microforms Reference (3rd floor)  |t 0  |e AI21 .T45  |h Library of Congress classification  |i unmediated -- volume  |l 1887  |m A14826278288 
998 f f |a AI21 .T45  |s 1790/1795  |t 0  |l Evans: Microforms Reference (3rd floor) 
998 f f |a AI21 .T45  |s 1790/1795-1940/1941  |t 0  |l Evans: Microforms Reference (3rd floor)